000 00357nam a2200145Ia 4500
008 150201s2003 xx 000 0 und d
082 _a617.95
_bD2003S
100 _aSUBBORAO,B.K.
245 _aNOTES ON DENTAL MATERIALS
250 _a4TH
260 _bPARAS PUBLISHING
_aHYDERABAD
_c2003
300 _a1-325
650 _aDENTAL MATERIAL
942 _2ddc
_cBK
999 _c2915
_d2915